| 000 | 00555nam a2200169 a 4500 | ||
|---|---|---|---|
| 005 | 20140412111235.0 | ||
| 008 | 001117s19uu xx 00 eng d | ||
| 020 | _a0-208-02132-9 | ||
| 050 |
_aM 016.011 _bB841 1987 |
||
| 100 | _aBryant, David, 1948 | ||
| 245 |
_aFinding information the library way : _ba guide to reference sources / _cDavid Bryant , 1948. |
||
| 260 |
_aHamden, CT : _bLibrary Professional Pub, _c1987. |
||
| 300 | _a148 p. | ||
| 500 | _aBibliography: p. includes index. | ||
| 650 | _aReference books -- Bibliography | ||
| 999 |
_c102373 _d102373 |
||